| 000 | 00337nam a2200133Ia 4500 | ||
|---|---|---|---|
| 008 | 210210b1966 xxu||||| |||| 00| 0 eng d | ||
| 082 | _a827 HUNL | ||
| 100 | _aHUNT (Cecil). | ||
| 245 | _aLaughing gas: the best jokes. | ||
| 260 |
_aBombay _bJaico Publishing House _c1966 |
||
| 300 | _avi,138 | ||
| 690 | _aEnglish Humor | ||
| 906 | _a028471 | ||
| 999 |
_c79717 _d79717 |
||